000 00303nam a22001337a 4500
008 250325b |||||||| |||| 00| 0 eng d
020 _a0582907306
050 _aPE1625
_b.H37
100 _aHARMER, Jeremy
245 _aCoast to Coast
260 _aLondon
_bLongmann
_c1987
300 _a95p.
942 _cBK
999 _c2700
_d2700